Advanced Digital Design with the VERILOG HDL (Record no. 23953)
[ view plain ]
| 000 -LEADER | |
|---|---|
| fixed length control field | 00211nam a22000737a 4500 |
| 003 - CONTROL NUMBER IDENTIFIER | |
| control field | Nust |
| 005 - DATE AND TIME OF LATEST TRANSACTION | |
| control field | 20170622111027.0 |
| 008 - FIXED-LENGTH DATA ELEMENTS--GENERAL INFORMATION | |
| fixed length control field | 140428b xxu||||| |||| 00| 0 eng d |
| 020 ## - INTERNATIONAL STANDARD BOOK NUMBER | |
| Terms of availability | Available |
| International Standard Book Number | 0130891614 |
| 040 ## - CATALOGING SOURCE | |
| Original cataloging agency | DLC |
| Language of cataloging | DLC |
| Transcribing agency | RCMS |
| 050 ## - LIBRARY OF CONGRESS CALL NUMBER | |
| Classification number | 621.395 CIL |
| 082 ## - DEWEY DECIMAL CLASSIFICATION NUMBER | |
| Edition number | 1st,ed. |
| Classification number | 621.395 CIL |
| 100 ## - MAIN ENTRY--PERSONAL NAME | |
| Personal name | Michael D. Ciletti |
| 9 (RLIN) | 3067 |
| 245 ## - TITLE STATEMENT | |
| Title | Advanced Digital Design with the VERILOG HDL |
| Statement of responsibility, etc. | Michael D. Ciletti |
| 300 ## - PHYSICAL DESCRIPTION | |
| Extent | xxi, 982 p. : |
| Other physical details | ill. ; |
| Dimensions | 26 cm. |
| 538 ## - SYSTEM DETAILS NOTE | |
| Display text | Shelf # 09, Row # 2, History & Digital Design. |
| 650 ## - SUBJECT ADDED ENTRY--TOPICAL TERM | |
| Topical term or geographic name entry element | 1.Digital electronics 2. Logic circuits...Computer aided design 3. Verilog (Computer hardware description language |
| 9 (RLIN) | 3068 |
| 856 ## - ELECTRONIC LOCATION AND ACCESS | |
| Materials specified | Table of contents only |
| Uniform Resource Identifier | <a href="http://www.loc.gov/catdir/toc/ecip0716/2007017469.html">http://www.loc.gov/catdir/toc/ecip0716/2007017469.html</a> |
| 942 ## - ADDED ENTRY ELEMENTS (KOHA) | |
| Source of classification or shelving scheme | |
| Koha item type | Book |
| Classification part | 621.395 CIL |
| Withdrawn status | Lost status | Source of classification or shelving scheme | Damaged status | Not for loan | Permanent Location | Current Location | Shelving location | Date acquired | Full call number | Barcode | Date last seen | Price effective from | Koha item type |
|---|---|---|---|---|---|---|---|---|---|---|---|---|---|
| NUST Baluchistan Campus (NBC) | NUST Baluchistan Campus (NBC) | General Stacks | 04/28/2014 | 621.395CIL | RCMS000368 | 04/28/2014 | 04/28/2014 | Book | |||||
| NUST Baluchistan Campus (NBC) | NUST Baluchistan Campus (NBC) | General Stacks | 04/28/2014 | 621.395CIL | RCMS000369 | 04/28/2014 | 04/28/2014 | Book | |||||
| NUST Baluchistan Campus (NBC) | NUST Baluchistan Campus (NBC) | General Stacks | 04/28/2014 | 621.395CIL | RCMS000372 | 04/28/2014 | 04/28/2014 | Book | |||||
| NUST Baluchistan Campus (NBC) | NUST Baluchistan Campus (NBC) | General Stacks | 04/28/2014 | 621.395CIL | RCMS000373 | 04/28/2014 | 04/28/2014 | Book | |||||
| NUST Baluchistan Campus (NBC) | NUST Baluchistan Campus (NBC) | General Stacks | 04/28/2014 | 621.395CIL | RCMS000370 | 04/28/2014 | 04/28/2014 | Book | |||||
| NUST Baluchistan Campus (NBC) | NUST Baluchistan Campus (NBC) | General Stacks | 07/21/2014 | 621.395CILL | RCMS000371 | 07/21/2014 | 07/21/2014 | Book |
